|
|
|
|
| LEADER |
00000nab a2200000 a 4500 |
| 001 |
vtls000055580 |
| 003 |
SK-MaSNL |
| 005 |
20260303030402.0 |
| 008 |
111103c1980 xo 0 slo |
| 015 |
|
|
|a SNBRB19rr/mm-uuuuu
|
| 035 |
|
|
|a CL0065677
|
| 040 |
|
|
|a SNKBUCL
|b slo
|c SNKBUCL
|e AACR2
|
| 041 |
0 |
|
|a slo
|
| 044 |
|
|
|a xo
|c SK
|
| 080 |
|
|
|a 82:929:885.4
|2 1981
|
| 080 |
|
|
|a 885.4
|2 1981
|
| 080 |
|
|
|a 92 Tokarevová, Viktoria
|2 1981
|
| 100 |
1 |
|
|a Kuranov, A.
|4 aut
|9 1001507
|
| 245 |
1 |
0 |
|a Úspech - miera talentu a úprimnosti
|b hovorí spisovateľka a scenáristka Viktoria Tokarevová
|c A. Kuranov
|
| 300 |
|
|
|b Fot. 1.
|
| 600 |
1 |
7 |
|a Tokareva, Viktorija Samojlovna,
|d 1937-
|2 snkbucl
|9 5883
|
| 650 |
0 |
7 |
|a ruská literatúra
|2 snkbucl
|9 1204
|
| 655 |
|
7 |
|a rozhovory
|2 snkbucl
|9 31831
|
| 655 |
|
7 |
|a články z odboru literárna veda a krásna literatúra
|2 snkbucl
|9 770045
|
| 655 |
|
7 |
|a články z novín a časopisov
|2 snkbucl
|9 267496
|
| 700 |
1 |
|
|a Tokareva, Viktorija Samojlovna,
|d 1937-
|4 aut
|4 ive
|9 5883
|
| 773 |
0 |
|
|t Smena
|g Roč. 33, č. 4 (5. 1. 1980), s. 6
|
| 850 |
|
|
|a Slovenská národná knižnica v Martine
|a MTA001
|
| 852 |
|
|
|a SNK
|b KIS3GCP
|
| 958 |
|
|
|a RK
|
| 958 |
|
|
|a LX
|
| 958 |
|
|
|a SK
|
| 992 |
|
|
|a RBX
|
| 999 |
|
|
|c 1652016
|d 1653946
|